| 000 | 00492nam a2200181Ia 4500 | ||
|---|---|---|---|
| 003 | SGT | ||
| 020 | _a9788177589276 | ||
| 082 |
_a4.6 _bCOM |
||
| 100 | _aComer,Douglas E | ||
| 245 | _aComputer networs and internet | ||
| 250 | _a4th . Ed. | ||
| 260 |
_bPearson _aN.Delhi _c2012 |
||
| 300 | _a589p. | ||
| 650 | _aCOMPUTER SCIENCE | ||
| 653 | _aUSING AND BUILDING INTERNET APPLICATIONS,PACKET TRANSMISSION,INTERNET WORKING,NETWORK APPLICATIONS, | ||
| 700 | _aNarayanan,M.S | ||
| 942 |
_2ddc _cBK |
||
| 999 |
_c5651 _d5651 |
||